| 000 | 00834nam a2200229Ia 4500 | ||
|---|---|---|---|
| 001 | 8790 | ||
| 003 | GE_BSU | ||
| 008 | 181216s||||||||xx |||||||||||||| ||und|| | ||
| 040 | _cGE_BSU | ||
| 080 | _a821.353.1-32+821.353.1-94 | ||
| 100 | _aკლდიაშვილი,დავით | ||
| 245 | _aთხზულებანი:2ტომად.ტ.2 | ||
| 245 | _bტ.2 მემუარები,პიესები. | ||
| 245 | _cშემდგ: სერგო კლდიაშვილი;მხატვ:ზურაბ ლეჟავა. | ||
| 260 | _aთბილისი. | ||
| 260 | _bსაბჭ.საქართველო | ||
| 260 | _c1981 | ||
| 300 | _a326გვ;ილ;20სმ. | ||
| 300 | _b1ფ.პორტრ. | ||
| 653 | _aმემუარები,პიესები. | ||
| 942 | _cBK | ||
| 999 |
_c42099 _d42099 |
||